Libro de buen amor (Record no. 25700)

MARC details
000 -LEADER
campo de control de longitud fija 00314nam a2200133Ia 4500
005 - FECHA Y HORA DE LA ÚLTIMA TRANSACCIÓN
campo de control 20251222152032.0
008 - DATOS DE LONGITUD FIJA--INFORMACIÓN GENERAL
campo de control de longitud fija 251222s9999||||xx |||||||||||||| ||spa||
020 ## - NÚMERO INTERNACIONAL ESTÁNDAR DEL LIBRO
Número Internacional Estándar del Libro 84-7039-026-0
082 ## - NÚMERO DE LA CLASIFICACIÓN DECIMAL DEWEY
Número de clasificación 808.81/H51L
100 ## - ENTRADA PRINCIPAL--NOMBRE DE PERSONA
Nombre de persona "Hita, Archipreste de "
245 #0 - MENCIÓN DEL TÍTULO
Título Libro de buen amor
250 ## - MENCION DE EDICION
Mención de edición 15a.ed.
942 ## - ELEMENTOS DE ENTRADA SECUNDARIOS (KOHA)
Tipo de ítem Koha Libros
Holdings
Estatus retirado Estado de pérdida Estado de daño No para préstamo Biblioteca de origen Biblioteca actual Ubicación en estantería Fecha de adquisición Total de préstamos Signatura topográfica completa Código de barras Visto por última vez Precio de reemplazo Tipo de ítem Koha
        Biblioteca Huaura Biblioteca Huaura Programa 22/12/2025   808.81/H51L 0025665 22/12/2025 22/12/2025 Libros